| 000 | 00445nam a2200145 a 4500 | ||
|---|---|---|---|
| 005 | 20140414093848.0 | ||
| 008 | 110526s19uu xx 00 eng d | ||
| 050 |
_aDVD 909 _bNEW 2008 |
||
| 100 | _aFarrell, Colin | ||
| 245 |
_aThe new world : _bthe extended cut / _cColin Farrel; Christopher Plummer; Christian Bale; Q'orianka Kilcher. |
||
| 260 |
_aUSA : _bNew Line Production, _c2008. |
||
| 650 | _aHistory | ||
| 942 | _cAVM | ||
| 999 |
_c109752 _d109752 |
||